Quantitative analysis for management / (Record no. 498)

000 -LEADER
fixed length control field 01015cam a22003134a 4500
001 - CONTROL NUMBER
control field 16592438
003 - CONTROL NUMBER IDENTIFIER
control field OSt
005 - DATE AND TIME OF LATEST TRANSACTION
control field 20140116120829.0
008 - FIXED-LENGTH DATA ELEMENTS--GENERAL INFORMATION
fixed length control field 101228s2012 njua b 001 0 eng
010 ## - LIBRARY OF CONGRESS CONTROL NUMBER
LC control number 2010050498
020 ## - INTERNATIONAL STANDARD BOOK NUMBER
International Standard Book Number 978027372868
035 ## - SYSTEM CONTROL NUMBER
System control number (OCoLC)ocn694679177
040 ## - CATALOGING SOURCE
Transcribing agency DLC
Modifying agency YDX
-- YDXCP
-- CDX
-- DLC
042 ## - AUTHENTICATION CODE
Authentication code pcc
050 00 - LIBRARY OF CONGRESS CALL NUMBER
Classification number T56.R46 2012
100 1# - MAIN ENTRY--PERSONAL NAME
Personal name Render, Barry.
245 10 - TITLE STATEMENT
Title Quantitative analysis for management /
Statement of responsibility, etc Barry Render, Ralph M. Stair and Michael E. Hanna.
250 ## - EDITION STATEMENT
Edition statement 11th ed.
260 ## - PUBLICATION, DISTRIBUTION, ETC. (IMPRINT)
Place of publication, distribution, etc Upper Saddle River, N.J. :
Name of publisher, distributor, etc Pearson Prentice Hall,
Date of publication, distribution, etc 2012.
300 ## - PHYSICAL DESCRIPTION
Extent xx, 667 p. :
Other physical details ill.
504 ## - BIBLIOGRAPHY, ETC. NOTE
Bibliography, etc Includes bibliographical references and index.
650 #0 - SUBJECT ADDED ENTRY--TOPICAL TERM
Topical term or geographic name as entry element Management science.
650 #0 - SUBJECT ADDED ENTRY--TOPICAL TERM
Topical term or geographic name as entry element Operations research.
700 1# - ADDED ENTRY--PERSONAL NAME
Personal name Stair, Ralph M.
700 1# - ADDED ENTRY--PERSONAL NAME
Personal name Hanna, Michael E.
906 ## - LOCAL DATA ELEMENT F, LDF (RLIN)
a 7
b cbc
c orignew
d 1
e ecip
f 20
g y-gencatlg
942 ## - ADDED ENTRY ELEMENTS (KOHA)
Source of classification or shelving scheme
Koha item type Book
Holdings
Withdrawn status Lost status Source of classification or shelving scheme Damaged status Not for loan Home library Current library Date acquired Source of acquisition Total Checkouts Full call number Barcode Date last seen Date checked out Copy number Price effective from Koha item type Total Renewals
          Riara University Library Riara University Library 21/10/2011 Purchase 2 T56.R46 2012 2039/11 09/09/2013 04/09/2013 C.1 21/10/2011 Book  
          Riara University Library Riara University Library 21/10/2011 Purchase   T56.R46 2012 2041/11 12/06/2014   C.2 21/10/2011 Book  
          Riara University Library Riara University Library 21/10/2011 Purchase 3 T56.R46 2012 2040/11 10/01/2022 19/11/2021 C.3 21/10/2011 Book  
          Riara University Library Riara University Library 21/10/2011 Purchase   T56.R46 2012 2163/11 21/10/2011   C.4 21/10/2011 Book  
          Riara University Library Riara University Library 21/10/2011 Purchase 2 T56.R46 2012 2162/11 17/11/2018 07/11/2018 C.5 21/10/2011 Book 1
          Riara University Library Riara University Library 21/10/2011 Purchase   RES T56.R46 2012 2161/11 29/04/2016   C.6 21/10/2011 Book  

Riara University Library,
P.O. Box 49940-00100,
Nairobi, Kenya.